Cómo hablan los jóvenes de hoy [el habla de los jóvenes mexicanos en Veracruz]
Saved in:
| Main Author: | |
|---|---|
| Other Authors: | , |
| Format: | Book |
| Language: | Spanish |
| Published: |
Bucuresti
Editura Universitatii din Bucuresti
2011
|
| Edition: | 1. edición |
| Series: | Romanica
5 |
| Subjects: | |
| Tags: |
No Tags, Be the first to tag this record!
|
MARC
| LEADER | 00000nam a2200000 4500 | ||
|---|---|---|---|
| 001 | 0241513 | ||
| 005 | 20240502083648.1 | ||
| 020 | |a 978-973-737-995-5 | ||
| 041 | 0 | |a spa | |
| 044 | |a RO | ||
| 245 | 1 | 0 | |a Cómo hablan los jóvenes de hoy |b [el habla de los jóvenes mexicanos en Veracruz] |c Mária Spišiaková ; referenti stiintifici: Anna Butašová, Coman Lupu |
| 250 | |a 1. edición | ||
| 264 | 1 | |a Bucuresti |b Editura Universitatii din Bucuresti |c 2011 | |
| 300 | |a 103 s. [3 AH] | ||
| 490 | 1 | |a Romanica |v 5 | |
| 830 | 0 | |a Romanica |v 5 | |
| 610 | 2 | 0 | |a jazyky cudzie |
| 610 | 2 | 0 | |a španielčina |
| 610 | 2 | 0 | |a mládež |
| 100 | 1 | |a Spišiaková, Mária, 1973- | |
| 700 | 1 | |a Butašová, Anna | |
| 700 | 1 | |a Lupu, Coman | |